000 00655nam a2200229Ia 4500
003 OSt
005 20221007064330.0
006 a|||||r|||| 00| 0
007 ta
008 221006b |||||||| |||| 00| 0 eng d
024 _a17,942
037 _cTextual
040 _aFLL
_cFLL
_beng
041 _2eng
_aeng
082 _aY15-73(Q7):7:7.N7, G6
100 _aWoodsmall Ruth Frances
_9418138
245 0 _aWomen in the changing Islamic system
260 _aDelhi
_bBimla Publishing House India
_c1936
300 _a432p
_ccm.
942 _hY15-73(Q7):7:7.N7, G6
_cTEXL
_2CC
999 _c1133738
_d1133738